[Event "Défi( 10J+24H/c 10J Max )"]
[Site "www.echecsemail.com"]
[Date "2026.01.04"]
[Round "1"]
[White "Sylvia13"]
[Black "Sam"]
[WhiteElo "1590"]
[BlackElo "1650"]
[Result "0-1"]
1.e4 e5
2.Ng1f3 Nb8c6
3.Nb1c3 Ng8f6
4.Bf1c4 Bf8c5
5.a3 d6
6.O-O Bc8g4
7.Qd1e2 Nc6d4
8.Qe2d1 Nd4xf3
9.Kh1 Nf3xh2
10.f3 Nh2xf1
11.Qd1xf1 Bg4e6
12.Bc4b5 c6
13.Bb5a4 Nf6h5
14.Qf1e1 Qd8g5
15.d4 Nh5g3
16.Kg1 Bc5xd4
17.Kh2 Qg5h4
0-1

[Event "Michael Tal 29"]
[Site "www.echecsemail.com"]
[Date "2026.01.04"]
[Round "1"]
[White "Leredoutable"]
[Black "Skalfa"]
[WhiteElo "1730"]
[BlackElo "1850"]
[Result "1-0"]
1.e4 e5
2.f4 exf4
3.Ng1f3 Nb8c6
4.d4 d5
5.exd5 Qd8xd5
6.Nb1c3 Qd5d8
7.Bc1xf4 Ng8f6
8.Bf1c4 Bf8e7
9.O-O a6
10.Nf3g5 O-O
11.Ng5f3 Bc8g4
12.d5 Nc6b4
13.Qd1d2 Bg4f5
14.Ra1c1 Bf5e4
15.Nc3xe4 Nf6xe4
16.Qd2d4 Ne4f6
17.Rf1d1 b6
18.a3 Be7c5
19.Qd4xc5 bxc5
20.axb4 cxb4
21.d6 cxd6
22.Rd1xd6 Qd8a5
23.Nf3d4 Qa5c5
24.b3 a5
25.Kh1 Nf6e4
26.Rd6d5 Qc5e7
27.Nd4f3 Ne4f2
28.Kg1 Qe7a7
29.Kf1 Rf8e8
30.Rd5f5 Re8e7
31.Nf3e5 g6
32.Ne5c6 Qa7d7
33.Nc6xe7 Qd7xe7
34.Rf5xf7 Qe7xf7
35.Bc4xf7 Kxf7
36.Kxf2 Ke6
37.Rc1d1 Ra8c8
38.Rd1d2 Kf5
39.g3 Rc8c5
40.Bf4e3 Rc5b5
41.Kf3 h5
42.h3 g5
43.g4 hxg4
44.hxg4 Kf6
45.Rd2d6 Ke7
46.Rd6c6 Kf7
47.Ke4 Kg7
48.Be3c5 Kf7
49.Kf5 Rb5b8
50.Kxg5 Rb8d8
51.Rc6d6 Rd8g8
52.Kf5 Ke8
53.Rd6a6 { abandon }1-0

[Event "Coupe Niveau 3"]
[Site "www.echecsemail.com"]
[Date "2026.01.04"]
[Round "1"]
[White "Pgo"]
[Black "Nbelnico"]
[WhiteElo "1700"]
[BlackElo "1760"]
[Result "1-0"]
1.e4 e5
2.Ng1f3 d6
3.Bf1c4 h6
4.d3 Ng8f6
5.O-O a5
6.Bc1e3 c6
7.h3 b5
8.Bc4xf7 Kxf7
9.Nb1c3 Bf8e7
10.d4 Rh8e8
11.dxe5 dxe5
12.Nf3xe5 Kg8
13.Ne5g6 Kh7
14.Ng6xe7 Qd8xe7
15.f3 b4
16.Nc3a4 Ra8a6
17.Be3c5 Qe7f7
18.b3 Qf7g6
19.Bc5d4 Bc8xh3
20.Rf1f2 Nf6h5
21.g4 Nh5f4
22.Rf2h2 Kg8
23.Na4c5 Ra6a8
24.Bd4e3 Nf4h5
25.Rh2xh3 Nh5f6
26.Qd1d6 Re8f8
27.Nc5e6 Rf8e8
28.Ne6c7 Re8xe4
29.fxe4 Qg6xg4
30.Rh3g3 Qg4h4
31.Qd6e6 Kh7
32.Qe6f5 Kg8
33.Be3f4 Ra8a7
34.Nc7e6 Ra7f7
35.Ne6d8 Rf7f8
36.Qf5e6 Kh7
37.Qe6f5 Kg8
38.Nd8e6 Rf8f7
39.Bf4xb8 Nf6h5
40.Qf5g4 Qh4xg4
41.Rg3xg4 Kh7
42.Bb8e5 Rf7e7
43.Ne6f8 Kg8
44.Be5d6 Re7e6
45.e5 Re6xd6
46.exd6 Kxf8
47.Ra1e1 Nh5f6
48.Rg4c4 { abandon }1-0

[Event "Défi"]
[Site "www.echecsemail.com"]
[Date "2026.01.04"]
[Round "1"]
[White "Castor"]
[Black "Mokanne"]
[WhiteElo "1340"]
[BlackElo "1430"]
[Result "1/2-1/2"]
1.d4 f6
2.c4 b6
3.e4 Bc8b7
4.Nb1c3 e6
5.Ng1f3 Bf8b4
6.Bc1d2 Bb4xc3
7.bxc3 Bb7xe4
8.Bd2e3 h6
9.Bf1e2 Be4g6
10.Nf3h4 Ng8e7
11.Nh4xg6 Rh8g8
12.Ng6h4 g5
13.Nh4f3 Ne7f5
14.Be3d2 d5
15.Bd2c1 Nf5e7
16.O-O c6
17.Be2d3 Nb8d7
18.Bc1a3 Ne7g6
19.Qd1a4 Qd8c7
20.Ra1b1 Kf7
21.Nf3d2 Ng6f4
22.Qa4c2 f5
23.Nd2f3 c5
24.Rf1e1 g4
25.Nf3h4 g3
26.fxg3 cxd4
27.gxf4 Nd7f6
28.h3 Qc7xf4
29.Nh4xf5 exf5
30.Re1f1 Qf4e3
31.Kh1 Qe3e7
32.Rb1e1 Qe7d8
33.Bd3xf5 Rg8e8
34.Bf5g6 Kg8
35.Bg6xe8 Nf6e4
36.Qc2d3 Qd8xe8
37.Qd3xd4 Kh7
38.Qd4xd5 Ne4g3
39.Kh2 Ng3xf1
40.Re1xf1 Ra8d8
41.Qd5f5 Kg7
42.Qf5f6 Kh7
43.Ba3c1 Rd8d7
44.Rf1f4 Rd7g7
45.Rf4f3 Qe8e2
46.Rf3f2 Qe2xc4
47.Qf6xh6 Kg8
48.Bc1b2 Qc4c7
49.Kh1 Qc7g3
50.Rf2d2 Qg3e1
51.Kh2 Qe1g3
52.Kh1 Qg3e1
{ nul }1/2-1/2

[Event "Tournoi n27362"]
[Site "www.echecsemail.com"]
[Date "2026.01.04"]
[Round "1"]
[White "Mokanne"]
[Black "Tiounet"]
[WhiteElo "1440"]
[BlackElo "1670"]
[Result "0-1"]
1.e4 a6
2.d4 b5
3.Nb1d2 Bc8b7
4.Bf1e2 Ng8f6
5.d5 g6
6.f3 Bf8g7
7.c3 O-O
8.Ra1b1 d6
9.Nd2b3 c6
10.Nb3a5 Qd8xa5
11.Bc1d2 cxd5
12.Be2d3 dxe4
13.Bd3e2 exf3
14.Be2xf3 Bb7xf3
15.Qd1xf3 Nb8d7
16.Rb1a1 Nd7e5
17.Qf3e2 Rf8e8
18.Ng1f3 Ne5xf3
19.gxf3 Ra8c8
20.b4 Qa5b6
21.Bd2e3 Qb6c6
22.Be3d2 Nf6d5
23.Ra1c1 Qc6b6
24.Qe2e4 Nd5xc3
25.Qe4d3 Nc3xa2
26.Ke2 Na2xc1
27.Bd2xc1 Qb6d4
28.Bc1e3 Qd4b2
29.Be3d2 Rc8c2
30.Ke3 Re8c8
31.h3 Rc8c3
32.Bd2xc3 Rc2xc3
33.Rh1d1 Rc3xd3
34.Rd1xd3 Qb2xb4
35.f4 Bg7h6
{ abandon }0-1

[Event "Tournoi n27355"]
[Site "www.echecsemail.com"]
[Date "2026.01.04"]
[Round "1"]
[White "Verson"]
[Black "Gognol"]
[WhiteElo "1870"]
[BlackElo "1900"]
[Result "1-0"]
1.d4 d5
2.Ng1f3 e6
3.e3 a6
4.Bf1d3 h6
5.O-O Nb8c6
6.c3 Bf8d6
7.Nb1d2 Ng8f6
8.e4 dxe4
9.Nd2xe4 Nf6xe4
10.Bd3xe4 O-O
11.Be4c2 b5
12.Qd1d3 f5
13.Rf1e1 Qd8f6
14.b3 Bc8b7
15.Bc1b2 Qf6g6
16.a3 Ra8d8
17.c4 b4
18.axb4 Nc6xb4
19.Qd3e2 Nb4xc2
20.Qe2xc2 Bb7xf3
21.g3 Bf3b7
22.Ra1d1 Bb7e4
23.Qc2e2 Bd6b4
24.Re1f1 f4
25.f3 Be4c6
26.g4 a5
27.Qe2d3 Qg6g5
28.Kg2 Qg5xg4
29.Kh1 Bc6b7
30.d5 exd5
31.Rf1g1 dxc4
32.Rg1xg4 cxd3
33.Rg4xg7 Kh8
34.Rg7xc7 Kg8
35.Rd1g1 1-0

[Event "Tournoi n27285"]
[Site "www.echecsemail.com"]
[Date "2026.01.04"]
[Round "1"]
[White "Nicadria22"]
[Black "Sorim"]
[WhiteElo "1930"]
[BlackElo "2010"]
[Result "0-1"]
1.e4 e5
2.Ng1f3 Nb8c6
3.Bf1b5 a6
4.Bb5xc6 dxc6
5.O-O Bc8g4
6.h3 h5
7.d4 exd4
8.hxg4 hxg4
9.Nf3h2 Bf8d6
10.g3 Rh8xh2
11.Qd1xd4 Rh2h5
12.Qd4xg7 Ng8f6
13.Bc1g5 Bd6f8
14.Qg7xf6 Rh5xg5
15.Qf6f4 Bf8d6
16.Qf4e3 Qd8f6
17.c3 Qf6h6
18.f3 Bd6xg3
19.Qe3e2 gxf3
20.Qe2xf3 Qh6h2
0-1

[Event "Coupe Niveau 6"]
[Site "www.echecsemail.com"]
[Date "2026.01.04"]
[Round "1"]
[White "Alain64"]
[Black "Verson"]
[WhiteElo "2130"]
[BlackElo "1870"]
[Result "0-1"]
1.f4 d5
2.Ng1f3 e6
3.b3 c5
4.e3 Nb8c6
5.Bf1b5 Bc8d7
6.Bc1b2 Ng8f6
7.O-O Bf8d6
8.Bb5xc6 Bd7xc6
9.Nf3e5 O-O
10.Ne5xc6 bxc6
11.Qd1e2 Qd8c7
12.d3 e5
13.fxe5 Bd6xe5
14.Bb2xe5 Qc7xe5
15.Nb1d2 Ra8e8
16.Ra1e1 Re8e6
17.Nd2f3 Qe5h5
18.h3 Rf8e8
19.Qe2f2 Qh5h6
20.Nf3h4 g6
21.Kh2 Qh6g5
22.Qf2f4 Qg5xf4
23.Rf1xf4 Nf6h5
24.g4 Nh5xf4
{ abandon }0-1

[Event "Défi"]
[Site "www.echecsemail.com"]
[Date "2026.01.04"]
[Round "1"]
[White "Herakles"]
[Black "Marcrode"]
[WhiteElo "2060"]
[BlackElo "1360"]
[Result "1-0"]
1.d4 d5
2.Ng1f3 h6
3.c4 Ng8f6
4.e3 c6
5.cxd5 Qd8xd5
6.Bf1d3 e6
7.O-O Qd5d6
8.e4 Nf6g4
9.h3 { abandon }1-0

[Event "Tournoi n27327"]
[Site "www.echecsemail.com"]
[Date "2026.01.04"]
[Round "1"]
[White "Bonamur"]
[Black "Intrigue"]
[WhiteElo "1770"]
[BlackElo "1720"]
[Result "0-1"]
1.d4 d5
2.Ng1f3 Ng8f6
3.c4 g6
4.e3 Bf8g7
5.Nb1c3 dxc4
6.Bf1xc4 O-O
7.O-O c6
8.h3 Bc8f5
9.Rf1e1 Nb8d7
10.e4 Bf5e6
11.Bc4xe6 fxe6
12.Qd1b3 Kh8
13.Qb3xe6 Qd8b6
14.Qe6c4 Ra8e8
15.Nf3g5 h5
16.b3 e5
17.d5 cxd5
18.exd5 Re8c8
19.Qc4d3 e4
20.Ng5xe4 Nf6xe4
21.Bc1e3 Qb6c7
22.Nc3xe4 Bg7xa1
23.Re1xa1 Qc7e5
24.Ne4g5 Qe5xa1
25.Kh2 Qa1f6
{ abandon }0-1

[Event "Tournoi n27368"]
[Site "www.echecsemail.com"]
[Date "2026.01.04"]
[Round "1"]
[White "Majula"]
[Black "Tiounet"]
[WhiteElo "1610"]
[BlackElo "1660"]
[Result "0-1"]
1.e4 a6
2.d4 b5
3.f3 Bc8b7
4.b4 e6
5.Bf1d3 Bf8xb4
6.Bc1d2 Bb4f8
7.a3 g6
8.e5 Bf8g7
9.Bd2e3 Ng8e7
10.Nb1d2 O-O
11.c4 bxc4
12.Bd3xc4 d6
13.f4 Bb7xg2
14.Ng1f3 Bg2xh1
15.Kf2 Bh1xf3
16.Qd1xf3 Nb8d7
17.Ra1g1 d5
18.Bc4d3 a5
19.Bd3b5 c6
20.Bb5d3 Qd8b6
21.Rg1b1 Qb6c7
22.Nd2b3 a4
23.Nb3c5 Nd7xc5
24.dxc5 Qc7a5
25.Rb1b4 Rf8b8
26.Be3d2 Qa5xc5
27.Kg2 Ne7c8
28.Rb4xb8 Ra8xb8
29.Bd2b4 Qc5c1
30.Qf3f1 Qc1xf1
31.Kxf1 Bg7h6
32.Bb4d2 Rb8b3
{ abandon }0-1

[Event "Tournoi échelle division 1"]
[Site "www.echecsemail.com"]
[Date "2026.01.04"]
[Round "1"]
[White "Verson"]
[Black "Domenico"]
[WhiteElo "1910"]
[BlackElo "1720"]
[Result "1-0"]
1.d4 d5
2.Ng1f3 Bc8f5
3.e3 e6
4.c4 Bf5xb1
5.Ra1xb1 Bf8b4
6.Bc1d2 Bb4xd2
7.Qd1xd2 Ng8f6
8.Bf1d3 O-O
9.O-O c6
10.b3 Nb8d7
11.Qd2c2 Qd8c7
12.Rb1c1 a6
13.e4 dxc4
14.Bd3xc4 b5
15.Bc4d3 Qc7f4
16.Qc2d2 Qf4g4
17.Rf1e1 Nf6h5
18.h3 Qg4f4
19.Rc1xc6 Nd7f6
20.Qd2xf4 Nh5xf4
21.Bd3b1 Rf8d8
22.Kh2 Nf6h5
23.g3 Nf4g6
24.Re1d1 a5
25.Rc6c7 Nh5f6
26.Rd1c1 a4
27.bxa4 bxa4
28.Rc7b7 a3
29.Rc1c7 Rd8f8
30.Nf3g5 h6
31.Ng5xf7 Rf8xf7
32.Rc7xf7 Ng6h8
33.Rf7xg7 Kf8
34.e5 Nf6e8
35.Rg7h7 Kg8
36.Rh7xh6 Ne8g7
37.Bb1e4 Ng7f5
38.Be4xf5 exf5
39.d5 Ra8e8
40.e6 Re8d8
41.e7 Rd8e8
42.d6 Kg7
43.Rh6xh8 Kxh8
44.d7 { abandon }1-0

[Event "Défi( 10J+24H/c 10J Max )"]
[Site "www.echecsemail.com"]
[Date "2026.01.04"]
[Round "1"]
[White "Cavalierfou"]
[Black "Founet"]
[WhiteElo "1850"]
[BlackElo "1850"]
[Result "0-1"]
1.e4 e5
2.Ng1f3 Nb8c6
3.c3 Bf8c5
4.d4 exd4
5.cxd4 Bc5b6
6.Bc1e3 Ng8f6
7.Bf1d3 d5
8.exd5 Qd8xd5
9.Nb1c3 Qd5h5
10.Qd1e2 Bc8g4
11.Be3g5 Nc6e7
12.Bg5xf6 gxf6
13.d5 Bg4xf3
14.gxf3 Qh5e5
15.O-O-O O-O-O
16.Bd3c4 Qe5f4
17.Kc2 Rh8e8
18.Nc3e4 Ne7f5
19.Kd3 Nf5d4
20.Qe2e3 Qf4e5
21.b3 c6
22.f4 Qe5f5
23.f3 cxd5
24.Bc4b5 dxe4
{ abandon }0-1

[Event "Tournoi n27301"]
[Site "www.echecsemail.com"]
[Date "2026.01.04"]
[Round "1"]
[White "Lepionfou"]
[Black "Boudon"]
[WhiteElo "2340"]
[BlackElo "2230"]
[Result "0-1"]
1.c4 e5
2.Nb1c3 Bf8b4
3.Nc3d5 Bb4c5
4.e3 Ng8f6
5.b4 Nf6xd5
6.bxc5 Nd5e7
7.Bc1b2 Nb8c6
8.d4 exd4
9.exd4 O-O
10.Bf1d3 d5
11.Ng1e2 Bc8e6
12.Qd1c2 g6
13.Ra1d1 Nc6b4
14.Qc2a4 Nb4xd3
15.Rd1xd3 dxc4
16.Rd3d2 Be6d5
17.O-O Ne7f5
18.Ne2c3 Bd5xg2
{ abandon }0-1

[Event "20 12 25"]
[Site "www.echecsemail.com"]
[Date "2026.01.04"]
[Round "1"]
[White "Abelito"]
[Black "Katastrofic"]
[WhiteElo "1580"]
[BlackElo "1440"]
[Result "1-0"]
1.e4 e5
2.Bf1c4 d6
3.c3 Bf8e7
4.Ng1f3 Ng8f6
5.Qd1b3 O-O
6.Nf3g5 d5
7.Bc4d3 Nf6xe4
8.Ng5xe4 dxe4
9.Bd3xe4 c6
10.d3 b5
11.O-O Bc8e6
12.Qb3d1 Be6d5
13.Qd1f3 f5
14.Be4xd5 cxd5
15.b4 e4
16.Qf3g3 Kh8
17.d4 Nb8d7
18.Bc1f4 Nd7f6
19.Bf4e5 Be7d6
20.Be5xd6 Rf8e8
21.Bd6e5 Re8g8
22.Be5c7 Qd8d7
23.Nb1d2 Ra8c8
24.Bc7e5 Qd7f7
25.f3 Nf6h5
26.Qg3h4 Rc8xc3
27.fxe4 dxe4
28.Nd2xe4 Rc3e3
29.Ne4g5 Qf7e8
30.Rf1xf5 Qe8g6
31.Ng5f7 { abandon }1-0

[Event "Défi"]
[Site "www.echecsemail.com"]
[Date "2026.01.04"]
[Round "1"]
[White "Midas"]
[Black "Gilberthellemans"]
[WhiteElo "1590"]
[BlackElo "1590"]
[Result "1-0"]
1.e4 e5
2.Ng1f3 d6
3.Nb1c3 Bc8g4
4.Bf1e2 Ng8f6
5.d3 h6
6.O-O d5
7.Nf3xe5 Bg4xe2
8.Qd1xe2 d4
9.Nc3d1 Bf8d6
10.Ne5f3 Bd6c5
11.e5 Nf6h7
12.e6 f6
13.Rf1e1 Bc5e7
14.Nf3h4 O-O
15.Nh4g6 Rf8e8
16.f4 Qd8d5
17.Qe2f2 Nh7f8
18.f5 Be7d6
19.Ra1b1 Kh7
20.Ng6h4 Nb8c6
21.b3 Nc6e5
22.h3 c5
23.Nd1b2 b5
24.c4 bxc4
25.dxc4 Kg8
26.cxd5 Ra8b8
27.Qf2g3 Ne5f7
28.exf7 Kxf7
29.Bc1f4 Bd6xf4
30.Qg3xf4 Nf8d7
31.Re1e6 Nd7e5
32.d6 Re8xe6
33.fxe6 Kxe6
34.Qf4e4 Kxd6
35.Nh4f5 Kc7
36.Nf5xg7 Kd6
37.Qe4f5 Ke7
38.Rb1e1 Rb8b6
39.Nb2c4 Kf7
40.Ng7h5 Rb6e6
41.Nc4xe5 { abandon }1-0

[Event "Défi( 10J+24H/c 10J Max )"]
[Site "www.echecsemail.com"]
[Date "2026.01.04"]
[Round "1"]
[White "Crocro34"]
[Black "4x4"]
[WhiteElo "1470"]
[BlackElo "1450"]
[Result "1-0"]
1.e4 e5
2.Nb1c3 d6
3.Ng1f3 Nb8c6
4.Bf1c4 Bc8e6
5.Bc4xe6 fxe6
6.d4 Nc6xd4
7.Nf3xd4 exd4
8.Qd1xd4 Ng8f6
9.Bc1g5 Bf8e7
10.O-O c5
11.Qd4a4 Qd8d7
12.Nc3b5 O-O
13.Ra1d1 a6
14.Nb5c3 Qd7xa4
15.Nc3xa4 b5
16.Na4b6 Ra8a7
17.b3 d5
18.exd5 e5
19.d6 Be7d8
20.Nb6d5 Nf6xd5
21.Bg5xd8 Rf8xd8
22.Rd1xd5 Ra7d7
23.Rf1e1 Rd7xd6
24.Rd5xd6 Rd8xd6
25.h3 Rd6e6
26.Re1d1 Kf7
27.Rd1d5 Kf6
28.Rd5xc5 Kf5
29.g4 Kf4
30.Kg2 g5
31.a4 e4
32.Rc5f5 1-0

[Event "Tournoi n27348"]
[Site "www.echecsemail.com"]
[Date "2026.01.04"]
[Round "1"]
[White "Verson"]
[Black "Intrigue"]
[WhiteElo "1890"]
[BlackElo "1750"]
[Result "1-0"]
1.d4 Ng8f6
2.Ng1f3 c6
3.e3 d5
4.Bf1d3 Bc8g4
5.Nb1d2 Nb8d7
6.h3 Bg4xf3
7.Nd2xf3 e6
8.O-O Bf8e7
9.b3 h6
10.Bc1b2 O-O
11.Qd1e2 b6
12.c4 Ra8b8
13.Ra1c1 b5
14.Qe2c2 a6
15.Nf3e5 dxc4
16.bxc4 Nd7xe5
17.dxe5 Nf6d7
18.f4 Rb8c8
19.Rf1d1 bxc4
20.Bd3xc4 a5
21.Qc2d3 Nd7b6
22.Bc4a6 Qd8xd3
23.Rd1xd3 Rc8c7
24.Kf2 Rf8a8
25.Ba6b5 c5
26.Bb2c3 Nb6d5
27.Kf3 c4
28.Rd3d4 Be7a3
29.Rc1c2 Ba3c5
30.Rd4e4 Bc5b6
31.Bc3d4 Ra8b8
32.Bd4xb6 Nd5xb6
33.Bb5xc4 Nb6xc4
34.Re4xc4 Rc7xc4
35.Rc2xc4 Rb8b4
36.Rc4xb4 axb4
37.Ke4 Kf8
38.Kd4 f6
39.exf6 gxf6
40.e4 Ke7
41.Kc4 Kd6
42.Kxb4 Kc6
43.g4 { abandon }1-0

[Event "Coupe Niveau 7"]
[Site "www.echecsemail.com"]
[Date "2026.01.04"]
[Round "1"]
[White "Alain64"]
[Black "Volatile"]
[WhiteElo "2120"]
[BlackElo "2530"]
[Result "0-1"]
1.c4 e5
2.Nb1c3 Nb8c6
3.d3 Bf8c5
4.g3 d6
5.Ng1f3 Ng8f6
6.Bf1g2 O-O
7.O-O h6
8.a3 a5
9.Nc3a4 Bc5a7
10.Qd1c2 Rf8e8
11.e4 Bc8g4
12.Bc1e3 Nf6d7
13.h3 Bg4h5
14.g4 Bh5g6
15.Qc2d2 Nd7c5
16.Na4xc5 Ba7xc5
17.Kh2 a4
18.Ra1e1 Nc6a5
19.h4 Na5b3
20.Qd2d1 Bc5xe3
21.fxe3 Nb3c5
22.h5 Bg6h7
23.Kh3 Ra8b8
24.Nf3h4 b5
25.cxb5 Rb8xb5
26.Rf1f2 Rb5b3
27.Qd1f3 Nc5xd3
28.Qf3xf7 Kh8
29.Re1f1 Nd3xf2
30.Rf1xf2 Rb3xe3
31.Kh2 Qd8xh4
{ abandon }0-1

[Event "Michael Tal 29"]
[Site "www.echecsemail.com"]
[Date "2026.01.04"]
[Round "1"]
[White "Karkaskat"]
[Black "Youliyouli"]
[WhiteElo "2080"]
[BlackElo "1880"]
[Result "1-0"]
1.d4 d5
2.Bc1f4 e6
3.e3 Bf8d6
4.Ng1e2 Bd6xf4
5.Ne2xf4 Ng8f6
6.c3 O-O
7.Bf1d3 c6
8.Nb1d2 Nb8d7
9.O-O g6
10.e4 dxe4
11.Nd2xe4 Kg7
12.h4 h5
13.f3 Nf6xe4
14.fxe4 Qd8xh4
15.Rf1f3 e5
16.Nf4h3 Nd7f6
17.Qd1e1 Qh4xe1
18.Ra1xe1 Rf8e8
19.Re1f1 Re8e6
20.Bd3c4 Nf6xe4
21.Rf3xf7 Kh6
22.Bc4xe6 Bc8xe6
23.Rf7e7 Be6d5
24.Re7xe5 Ne4g3
25.Rf1e1 Ra8f8
26.Kh2 Ng3f1
27.Kg1 Nf1d2
28.Re5e8 Rf8f7
29.b3 b5
30.Re8e7 Rf7xe7
31.Re1xe7 a5
32.Nh3f4 Bd5e4
33.Re7a7 a4
34.bxa4 Nd2c4
35.axb5 cxb5
36.a4 bxa4
37.Ra7xa4 Be4d3
38.Nf4xd3 Nc4e3
39.c4 { abandon }1-0

[Event "Tournoi n27345"]
[Site "www.echecsemail.com"]
[Date "2026.01.04"]
[Round "1"]
[White "Chronik"]
[Black "Bjl"]
[WhiteElo "2230"]
[BlackElo "2070"]
[Result "1-0"]
1.e4 d5
2.exd5 Qd8xd5
3.Nb1c3 Qd5a5
4.Bf1c4 c6
5.d3 Ng8f6
6.Qd1e2 Bc8f5
7.Bc1d2 Qa5c7
8.f3 e6
9.g4 Bf5g6
10.f4 Bf8d6
11.f5 { abandon }1-0

[Event "VIC LA GARDIOLE"]
[Site "www.echecsemail.com"]
[Date "2026.01.04"]
[Round "1"]
[White "Tartu"]
[Black "Qsdmlk"]
[WhiteElo "1690"]
[BlackElo "1550"]
[Result "0-1"]
1.e4 e5
2.Ng1f3 Nb8c6
3.Nb1c3 Ng8f6
4.d4 exd4
5.Nf3xd4 Bf8b4
6.Nd4xc6 bxc6
7.Bf1d3 O-O
8.O-O Bc8b7
9.Bc1d2 d6
10.Rf1e1 c5
11.a3 Bb4a5
12.h3 c6
13.b3 Rf8e8
14.Ra1b1 Ba5c7
15.Bd2g5 d5
16.exd5 Qd8d6
17.dxc6 Qd6h2
18.Kf1 Qh2h1
0-1

[Event "Coupe Niveau 3"]
[Site "www.echecsemail.com"]
[Date "2026.01.04"]
[Round "1"]
[White "Verson"]
[Black "Intrigue"]
[WhiteElo "1880"]
[BlackElo "1730"]
[Result "1-0"]
1.d4 Ng8f6
2.Ng1f3 b6
3.e3 Bc8b7
4.Bf1d3 g6
5.Nb1d2 Bf8g7
6.O-O O-O
7.Rf1e1 e6
8.e4 d6
9.Nd2f1 Nb8d7
10.Bc1g5 h6
11.Bg5h4 Qd8e8
12.c3 c5
13.Bh4g3 e5
14.dxe5 dxe5
15.Qd1c2 Ra8d8
16.Ra1d1 Nf6h7
17.Bd3c4 Kh8
18.Rd1d2 Nh7f6
19.Bg3h4 a6
20.Bc4d5 Bb7xd5
21.exd5 c4
22.Rd2e2 b5
23.Nf3xe5 Nd7xe5
24.Re2xe5 Qe8d7
25.Re1d1 Rf8e8
26.Qc2e2 Re8xe5
27.Qe2xe5 g5
28.Bh4g3 Nf6h5
29.Qe5c7 Nh5xg3
30.Qc7xg3 Qd7d6
31.Qg3xd6 Rd8xd6
32.Nf1e3 a5
33.Ne3f5 Rd6d8
34.f3 Kh7
35.Kf2 Kg6
36.Nf5e7 Kf6
37.Ne7c6 Rd8a8
38.Rd1e1 Bg7f8
39.Nc6d4 b4
40.Nd4c6 bxc3
41.bxc3 Bf8c5
42.Kg3 h5
43.Re1e2 Bc5d6
44.Kf2 a4
45.Re2e4 Bd6c5
46.Ke2 h4
47.Re4xc4 Bc5d6
48.Nc6d4 Bd6xh2
49.Nd4c6 Bh2d6
50.Kd3 Bd6f4
51.Kd4 Kf5
52.Rc4b4 Bf4d6
53.Rb4b5 f6
54.c4 a3
55.c5 Bd6g3
56.Nc6e7 Kf4
57.d6 Ra8c8
58.Ne7xc8 { abandon }1-0

[Event "Coupe Niveau 2"]
[Site "www.echecsemail.com"]
[Date "2026.01.04"]
[Round "1"]
[White "Nbelnico"]
[Black "Domenico"]
[WhiteElo "1730"]
[BlackElo "1720"]
[Result "0-1"]
1.e4 e5
2.Ng1f3 d6
3.h3 Bf8e7
4.Bf1c4 Ng8f6
5.d3 O-O
6.O-O Bc8e6
7.Bc4xe6 fxe6
8.a3 Nb8d7
9.Nb1c3 c6
10.d4 exd4
11.Nf3xd4 d5
12.exd5 exd5
13.Qd1f3 Nd7e5
14.Qf3g3 Qd8d6
15.Nd4f5 Ne5f3
16.Qg3xf3 Qd6e6
17.Nf5d4 Qe6d7
18.Rf1e1 Be7c5
19.Nc3e2 Nf6e4
20.Qf3d3 Ne4xf2
21.Kh2 Nf2xd3
22.cxd3 Ra8e8
23.Re1d1 Bc5xd4
24.Ne2xd4 Rf8f2
25.Bc1g5 Qd7d6
26.Kg1 Qd6g3
{ abandon }0-1

[Event "Coupe Niveau 4"]
[Site "www.echecsemail.com"]
[Date "2026.01.04"]
[Round "1"]
[White "Elghribi"]
[Black "Verson"]
[WhiteElo "1920"]
[BlackElo "1880"]
[Result "1-0"]
1.e4 e6
2.d4 d5
3.e5 c5
4.c3 Nb8c6
5.Bf1b5 Bc8d7
6.Bb5xc6 Bd7xc6
7.Ng1f3 Qd8b6
8.O-O cxd4
9.cxd4 Ng8e7
10.Nb1c3 Ne7f5
11.a3 Bf8e7
12.b4 O-O
13.Bc1b2 Ra8c8
14.Ra1c1 Bc6d7
15.Qd1d2 Rc8c4
16.Nc3e2 Rf8c8
17.Rc1xc4 Rc8xc4
18.Rf1c1 Bd7a4
19.Rc1xc4 Ba4b5
20.Rc4c8 Be7f8
21.Rc8c1 h6
22.g4 Nf5e7
23.Ne2c3 Ne7g6
24.Nc3xb5 Qb6xb5
25.Nf3e1 { abandon }1-0

[Event "Eq:au plaisir du jeux -LES CHATTERBOX :"]
[Site "www.echecsemail.com"]
[Date "2026.01.04"]
[Round "1"]
[White "Hberlioz"]
[Black "Estrafolis"]
[WhiteElo "1620"]
[BlackElo "1630"]
[Result "0-1"]
1.e4 c5
2.Ng1f3 d6
3.Nb1c3 a6
4.d4 cxd4
5.Nf3xd4 Nb8c6
6.Bc1e3 Bc8d7
7.Nd4xc6 bxc6
8.Bf1d3 Ng8f6
9.Qd1d2 e5
10.f4 Bf8e7
11.f5 d5
12.exd5 cxd5
13.Be3g5 Bd7c8
14.O-O Qd8b6
15.Kh1 Qb6xb2
16.Rf1b1 Qb2a3
17.Bg5xf6 Be7xf6
18.Nc3xd5 Bf6d8
19.Rb1b3 Qa3c5
20.Bd3e4 Ra8a7
21.Rb3b8 O-O
22.Ra1f1 Ra7b7
23.Rb8xb7 Bc8xb7
24.Rf1f3 Bb7xd5
25.Be4xd5 Bd8b6
26.Rf3f1 Rf8d8
27.c4 a5
28.Qd2g5 Rd8d6
29.f6 Rd6xf6
30.Rf1b1 Qc5f2
31.h4 h6
32.Qg5g4 Rf6f4
{ abandon }0-1

[Event "Coupe Niveau 3"]
[Site "www.echecsemail.com"]
[Date "2026.01.04"]
[Round "1"]
[White "Elghribi"]
[Black "Nbelnico"]
[WhiteElo "1890"]
[BlackElo "1730"]
[Result "1-0"]
1.e4 e5
2.Ng1f3 d6
3.Bf1c4 h6
4.h3 Ng8f6
5.d3 a5
6.c3 a4
7.Nb1d2 c6
8.d4 b5
9.Bc4d3 exd4
10.cxd4 Bf8e7
11.O-O O-O
12.Rf1e1 Bc8b7
13.Nd2f1 Nb8d7
14.Nf1g3 Bb7a6
15.Bc1e3 c5
16.d5 c4
17.Bd3c2 Nf6h7
18.Nf3d4 Qd8c8
19.Nd4c6 Be7f6
20.Ng3f5 Qc8e8
21.Nf5xd6 Qe8e5
22.Nc6xe5 Bf6xe5
23.Nd6f5 Be5xb2
24.Ra1b1 Bb2e5
25.f4 Be5f6
26.e5 Bf6e7
27.Nf5xe7 Kh8
28.Be3d4 Ba6b7
29.d6 Nd7b8
30.Qd1g4 Bb7c8
31.f5 Nb8c6
32.e6 f6
33.Ne7xc6 Nh7g5
34.h4 Ng5h7
35.Nc6e7 Bc8b7
36.Ne7g6 Kg8
37.e7 Rf8e8
38.d7 Bb7c6
39.d8Q Re8xd8
40.exd8Q Ra8xd8
41.Ng6e7 Kf8
42.Ne7xc6 Rd8c8
43.Qg4g6 { abandon }1-0

[Event "VIC LA GARDIOLE"]
[Site "www.echecsemail.com"]
[Date "2026.01.04"]
[Round "1"]
[White "Qsdmlk"]
[Black "4x4"]
[WhiteElo "1550"]
[BlackElo "1460"]
[Result "0-1"]
1.e4 e5
2.Ng1f3 Nb8c6
3.Nb1c3 Ng8f6
4.d4 exd4
5.Nf3xd4 Nc6xd4
6.Qd1xd4 b6
7.Bc1g5 Bc8b7
8.Bf1c4 Bf8c5
9.Qd4d2 Qd8e7
10.O-O O-O-O
11.Rf1e1 h6
12.Bg5f4 Nf6g4
13.Bf4g3 h5
14.Bg3f4 Bc5xf2
15.Kh1 Bf2xe1
16.Ra1xe1 h4
17.Bc4f1 f6
18.Qd2e2 h3
19.g3 Qe7c5
20.Qe2xg4 Qc5f2
21.Bf4e3 Qf2xe1
22.Qg4f3 d5
23.Kg1 dxe4
24.Qf3f2 Qe1xf2
25.Be3xf2 g5
26.Nc3xe4 Bb7xe4
27.c3 Be4g2
28.Bf1a6 Kb8
{ abandon }0-1

[Event "Tournoi n27359"]
[Site "www.echecsemail.com"]
[Date "2026.01.04"]
[Round "1"]
[White "Zadkine1"]
[Black "Onetwoyve"]
[WhiteElo "1740"]
[BlackElo "1870"]
[Result "0-1"]
1.e4 e5
2.Ng1f3 Ng8f6
3.Bf1c4 Nf6xe4
4.Nf3xe5 d5
5.Bc4b3 c6
6.O-O Bf8c5
7.d4 Bc5d6
8.Qd1f3 O-O
9.Ne5g4 Qd8h4
10.h3 Ne4g5
11.Bc1xg5 Qh4xg5
12.c4 Bc8e6
13.Nb1d2 Qg5xd2
14.Ra1c1 Qd2f4
15.Bb3d1 Qf4xc1
16.Qf3d3 Qc1g5
17.Bd1c2 g6
18.Rf1e1 Be6xg4
19.hxg4 Qg5xg4
{ abandon }0-1

[Event "Défi( 10J+24H/c 10J Max )"]
[Site "www.echecsemail.com"]
[Date "2026.01.04"]
[Round "1"]
[White "Ziviol"]
[Black "Kiki38"]
[WhiteElo "1390"]
[BlackElo "1500"]
[Result "0-1"]
1.c3 e5
2.e4 Ng8f6
3.Qd1c2 Bf8c5
4.a3 O-O
5.Bf1c4 Nb8c6
6.d3 d5
7.Bc1g5 dxc4
8.Ng1f3 h6
9.Bg5h4 Qd8xd3
10.Qc2c1 Qd3xe4
11.Kf1 Qe4d3
12.Kg1 Nf6e4
13.h3 f6
14.Nb1d2 g5
15.Bh4g3 Ne4xg3
16.Nd2f1 Ng3e2
17.Kh2 Ne2xc1
18.Nf1d2 e4
19.Ra1xc1 exf3
20.Nd2xf3 Bc5d6
21.Kg1 Rf8e8
22.h4 Bd6f4
23.Nf3e1 Qd3d2
24.Rc1a1 Re8xe1
25.Ra1xe1 Qd2xe1
0-1

[Event "Michael Tal 29"]
[Site "www.echecsemail.com"]
[Date "2026.01.04"]
[Round "1"]
[White "Karkaskat"]
[Black "Skalfa"]
[WhiteElo "2080"]
[BlackElo "1850"]
[Result "1-0"]
1.d4 d5
2.Bc1f4 Nb8c6
3.e3 Ng8f6
4.c3 a6
5.Nb1d2 e6
6.Bf1d3 Nc6e7
7.h3 Bc8d7
8.Ng1f3 Ne7g6
9.Bd3xg6 hxg6
10.Bf4g5 Bd7b5
11.a4 Bb5d3
12.Nf3e5 Bd3f5
13.g4 Bf5xg4
14.Ne5xg4 Bf8e7
15.Ng4xf6 gxf6
16.Bg5f4 g5
17.Bf4g3 f5
18.Qd1b3 b6
19.O-O-O Be7d6
20.f4 g4
21.hxg4 Rh8xh1
22.Rd1xh1 fxg4
23.Rh1h8 Bd6f8
24.Bg3h4 f6
25.Qb3b4 Qd8e7
26.Qb4xe7 Kxe7
27.Nd2f1 Kf7
28.Nf1g3 Kg7
29.Bh4xf6 Kxf6
30.Rh8g8 Kf7
31.Rg8xg4 Bf8e7
32.f5 exf5
33.Ng3xf5 Be7f6
34.Nf5h6 Ke6
35.Rg4g6 c5
36.Nh6g8 Ra8f8
37.dxc5 bxc5
38.b4 cxb4
39.cxb4 Kf5
40.Rg6xf6 Rf8xf6
41.Ng8xf6 Kxf6
42.b5 axb5
43.a5 Ke5
44.a6 Ke4
45.Kd2 b4
46.a7 b3
47.a8Q b2
48.Qa8a2 { abandon }1-0